Sports Quiz

Random Sports or MLB Quiz

All-Stars under Jim Leyland Quiz Stats

 Plays Quiz not verified by Sporcle

Challenge
Share
Tweet
Embed
Score 0/54 Timer 10:00
0 Plays Today
Year Answer % Correct
2007Justin Verlander
96.9%
2009Justin Verlander
96.9%
2010Justin Verlander
96.9%
2010Miguel Cabrera
96.9%
2011Miguel Cabrera
96.9%
2011Justin Verlander
96.9%
2012Miguel Cabrera
96.9%
2012Justin Verlander
96.9%
2013Miguel Cabrera
96.9%
2013Justin Verlander
96.9%
1990Barry Bonds
93.7%
1992Barry Bonds
93.7%
2013Max Scherzer
90.6%
1988Bobby Bonilla
89.9%
1989Bobby Bonilla
89.9%
1990Bobby Bonilla
89.9%
1991Bobby Bonilla
89.9%
1988Andy Van Slyke
89.3%
1992Andy Van Slyke
89.3%
1993Andy Van Slyke
89.3%
2012Prince Fielder
84.3%
2013Prince Fielder
84.3%
2006Ivan Rodriguez
79.2%
2007Ivan Rodriguez
79.2%
2009Brandon Inge
74.8%
2006Magglio Ordonez
73.6%
2007Magglio Ordonez
73.6%
Year Answer % Correct
1997Charles Johnson
71.7%
2011Alex Avila
69.2%
2007Placido Polanco
66%
2009Curtis Granderson
66%
2007Carlos Guillen
64.2%
2008Carlos Guillen
64.2%
1993Jay Bell
62.9%
1986Tony Pena
62.3%
1998Edgar Renteria
61.6%
2011Jhonny Peralta
61.6%
2013Johnny Peralta
61.6%
2009Edwin Jackson
58.5%
2006Kenny Rogers
57.2%
1997Kevin Brown
56%
1991John Smiley
55.3%
2013Torii Hunter
54.7%
2010Jose Valverde
54.1%
2011Jose Valverde
54.1%
1988Bob Walk
53.5%
1997Moises Alou
51.6%
1996Jason Kendall
45.9%
1999Larry Walker
43.4%
1986Rick Rhoden
35.2%
1994Carlos Garcia
33.3%
1987Rick Reuschel
32.1%
1995Denny Neagle
23.9%
1990Neal Heaton
19.5%

You're not logged in!

Compare scores with friends on all Sporcle quizzes.
Join for Free
OR
Log In

You Might Also Like...

Show Comments

Extras

Top Quizzes Today


Score Distribution

Your Account Isn't Verified!

In order to create a playlist on Sporcle, you need to verify the email address you used during registration. Go to your Sporcle Settings to finish the process.

Report this User

Report this user for behavior that violates our Community Guidelines.

Details: